000
00314 a2200145 4500
001
176035
020
_a
040
_c
Magnum
100
_a
Pro-Reitoria de Extensao da Puc-Mg
240
1
0
_a
Extensao, v.3, n.1
_l
por
245
1
0
_a
Extensao, v.3, n.1
362
0
_a
1899
697
_a
MAGNITO: GERAL
942
_c
BK
999
_c
176035
_d
176035